Short and Medium–Term Macroeconomic Stabilization Strategies and Effects (Record no. 8758)

MARC details
000 -LEADER
fixed length control field 00715nam a22002297u 4500
001 - CONTROL NUMBER
control field pwiiw3314
003 - CONTROL NUMBER IDENTIFIER
control field OSt
005 - DATE AND TIME OF LATEST TRANSACTION
control field 20260517120329.0
008 - FIXED-LENGTH DATA ELEMENTS--GENERAL INFORMATION
fixed length control field 011223t2001 au ||||| |||| 00| ||eng d
040 ## - CATALOGING SOURCE
Transcribing agency OSt
041 ## - LANGUAGE CODE
Language code of text/sound track or separate title eng
100 1# - MAIN ENTRY--PERSONAL NAME
Personal name Bishev, Gligor
245 10 - TITLE STATEMENT
Title Short and Medium–Term Macroeconomic Stabilization Strategies and Effects
260 ## - PUBLICATION, DISTRIBUTION, ETC.
Place of publication, distribution, etc. Wien :
Name of publisher, distributor, etc. Wiener Institut für Internationale Wirtschaftsvergleiche (wiiw),
Date of publication, distribution, etc. 2001.
490 1# - SERIES STATEMENT
Series statement wiiw Balkan Observatory Working Papers
Volume/sequential designation 15
520 ## - SUMMARY, ETC.
Summary, etc.
700 1# - ADDED ENTRY--PERSONAL NAME
Personal name Jovanovski, Zoran
700 1# - ADDED ENTRY--PERSONAL NAME
Personal name Naumovska, Aneta
830 #0 - SERIES ADDED ENTRY--UNIFORM TITLE
Volume/sequential designation 15
Bibliographic record control number WIIW0000140
Title of a work wiiw Balkan Observatory Working Papers
856 40 - ELECTRONIC LOCATION AND ACCESS
Uniform Resource Identifier <a href="https://wiiw.ac.at/p-3314.html">https://wiiw.ac.at/p-3314.html</a>
942 ## - ADDED ENTRY ELEMENTS (KOHA)
Koha item type Paper
Source of classification or shelving scheme Other/Generic Classification Scheme
Holdings
Withdrawn status Lost status Damaged status Not for loan Home library Current library Shelving location Date acquired Inventory number Total Checkouts Full call number Barcode Date last seen Price effective from Koha item type
        WIIW WIIW Library 12/23/2001 pwiiw3314   15 1000010003314 12/23/2001 02/05/2019 Paper
The Vienna Instiute for International Economic Studies (wiiw)